000 00853nam a2200205Ia 4500
003 Ost
005 20260507075804.0
008 260507s9999||||xx |||||||||||||| ||und||
040 _cfsecg
041 _aara
100 _aغنيم، حسين عطا
_eمؤلف
245 0 _aبحوث العمليات (2) (ك13) /
_c حسين عطا غنيم
260 _aالقاهرة:
_bمطبعة مركز التعليم المفتوح,
_c1994
300 _a253 صفحة؛
_bإيضاحات ؛
_c24 سم
504 _aملاحق ص..242
520 _aحالات عملية لاستخدامات البرمجة الخطية، التعبير عن جدول السمبلكس في شكل مصفوفات، نظرية الثنائية،البرامج الديناميكية
653 _aالمصفوفات
653 _aبحوث العمليات
942 _cكتاب
999 _c46370
_d46370